Rodí sa anuitný trh

Novela zákona o starobnom dôchodkovom sporení, ktorú predložilo Ministerstvo práce, sociálnych vecí a rodiny SR. Proces prechodu zo sporiacej do výplatnej fázy, ktorý bude sprevádzať budúceho dôchodcu sporiaceho si v II. dôchodkovom pilieri.

Na minha lista:
Detalhes bibliográficos
Autor principal: Čamek, Miroslav
Formato: Capítulo de Livro
Idioma:eslovaco
Assuntos:
Tags: Adicionar Tag
Sem tags, seja o primeiro a adicionar uma tag!

MARC

LEADER 00000naa a2200000 4500
001 0181593
005 20231204141801.2
041 0 |a slo 
044 |a SK 
245 1 0 |a Rodí sa anuitný trh  |c Miroslav Čamek 
520 |a Novela zákona o starobnom dôchodkovom sporení, ktorú predložilo Ministerstvo práce, sociálnych vecí a rodiny SR. Proces prechodu zo sporiacej do výplatnej fázy, ktorý bude sprevádzať budúceho dôchodcu sporiaceho si v II. dôchodkovom pilieri. 
610 2 0 |a poistenie sociálne 
610 2 0 |a poisťovne sociálne 
610 2 0 |a poisťovne dôchodkové doplnkové 
610 2 0 |a sporenie dôchodkové 
610 2 0 |a trh poistný 
100 1 |a Čamek, Miroslav